Turbulence (Record no. 5373)

000 -LEADER
fixed length control field 00511nam a2200205 i 4500
001 - CONTROL NUMBER
control field 5373
003 - CONTROL NUMBER IDENTIFIER
control field BD-DhUET
008 - FIXED-LENGTH DATA ELEMENTS--GENERAL INFORMATION
fixed length control field 750220s1975 nyua b 001 0 eng
020 ## - INTERNATIONAL STANDARD BOOK NUMBER
International Standard Book Number 0070290377
040 ## - CATALOGING SOURCE
Original cataloging agency DLC
Transcribing agency DLC
Modifying agency BD-DhUET
082 00 - DEWEY DECIMAL CLASSIFICATION NUMBER
Classification number 532.56
Item number HIN/1975
100 1# - MAIN ENTRY--PERSONAL NAME
Personal name Hinze, J. O.
245 00 - TITLE STATEMENT
Title Turbulence
250 ## - EDITION STATEMENT
Edition statement 2nd ed.
260 ## - PUBLICATION, DISTRIBUTION, ETC. (IMPRINT)
Place of publication, distribution, etc. New York
Name of publisher, distributor, etc. McGraw-Hill
Date of publication, distribution, etc. 1975
300 ## - PHYSICAL DESCRIPTION
Extent x,790p.
Other physical details ill.
Dimensions 24 cm.
490 0# - SERIES STATEMENT
Series statement McGraw-Hill series in mechanical engineering
650 #0 - SUBJECT ADDED ENTRY--TOPICAL TERM
Topical term or geographic name as entry element Turbulence
942 ## - ADDED ENTRY ELEMENTS (KOHA)
Koha item type General Book
Holdings
Koha normalized classification for sorting Source of classification or shelving scheme Lost status Location (home branch) Koha full call number Not for loan Price effective from Damaged status Withdrawn status Copy number Koha item type Koha issues (times borrowed) Shelving location Koha date last seen Koha date last borrowed Piece designation (barcode) Date acquired Sublocation or collection (holding branch)
532_560000000000000_HIN_1975  Central Library, BUET532.56/HIN/1975 2014-11-26  1General Book Circulation section2014-11-26 638132014-11-26Central Library, BUET
532_560000000000000_HIN_1975  Central Library, BUET532.56/HIN/1975 2014-11-26  2General Book Circulation section2014-11-26 638162014-11-26Central Library, BUET
532_560000000000000_HIN_1975  Central Library, BUET532.56/HIN/1975 2014-12-07  3General Book Circulation section2014-12-07 443342014-12-07Central Library, BUET
532_560000000000000_HIN_1975  Central Library, BUET532.56/HIN/1975 2014-12-07  4General Book Circulation section2014-12-07 638072014-12-07Central Library, BUET
532_560000000000000_HIN_1975  Central Library, BUET532.56/HIN/1975 2014-12-07  5General Book1Circulation section2015-03-292015-03-25638122014-12-07Central Library, BUET
532_560000000000000_HIN_1975  Central Library, BUET532.56/HIN/1975 2014-12-07  6General Book Circulation section2014-12-07 638052014-12-07Central Library, BUET
532_560000000000000_HIN_1975  Central Library, BUET532.56/HIN/1975 2014-12-07  7General Book Circulation section2014-12-07 638102014-12-07Central Library, BUET
532_560000000000000_HIN_1975  Central Library, BUET532.56/HIN/1975 2014-12-07  8General Book Circulation section2014-12-07 638082014-12-07Central Library, BUET
532_560000000000000_HIN_1975  Central Library, BUET532.56/HIN/1975 2014-12-07  9General Book Circulation section2014-12-07 638092014-12-07Central Library, BUET
532_560000000000000_HIN_1975  Central Library, BUET532.56/HIN/1975 2014-12-07  10General Book1Circulation section2023-02-282022-11-14638062014-12-07Central Library, BUET
532_560000000000000_HIN_1975  Central Library, BUET532.56/HIN/1975 2014-12-07  11General Book1Circulation section2015-09-142015-05-26638152014-12-07Central Library, BUET
532_560000000000000_HIN_1975  Central Library, BUET532.56/HIN/1975 2015-03-09  12General Book Circulation section2015-03-09 391582015-03-09Central Library, BUET
532_560000000000000_HIN_1975  Central Library, BUET532.56/HIN/1975 2015-06-07  13Reading Item Reading section2015-06-07 589682015-06-07Central Library, BUET
532_560000000000000_HIN_1975  Central Library, BUET532.56/HIN/1975 2015-06-07  14Reading Item Reading section2015-06-07 606532015-06-07Central Library, BUET
532_560000000000000_HIN_1975  Central Library, BUET532.56/HIN/1975 2015-06-23  15Reading Item Reading section2015-06-23 527292015-06-23Central Library, BUET
532_560000000000000_HIN_1975  Central Library, BUET532.56 HIN/1975 2024-11-16  16General Book1Circulation section2024-11-272024-11-27638111985-06-29Central Library, BUET
532_560000000000000_HIN_1975  Central Library, BUET532.56 HIN/1975 2024-11-16   General Book  2024-11-16  2024-11-16Central Library, BUET
532_560000000000000_HIN_1975  Central Library, BUET532.56 HIN/1975 2024-11-16  18General Book Circulation section2024-11-16 391592025-09-03Central Library, BUET